Decipher the Letter - Statistics

General Stats
  • This quiz has been taken 279 times
  • The average score is 11 of 22
Answer Stats
Hint ? Answer % Correct
LMAO L Laugh
96%
ASAP P Possible
94%
NASA S Space
91%
PTSD T Traumatic
79%
YOLO L Live
76%
ADHD A Attention
70%
LOTR O Of
65%
TGIF T Thank
65%
BYOB O Own
62%
POTUS P President
54%
NATO A Atlantic
48%
BOGO B Buy
43%
AWOL A Absent
33%
USAF F Force
33%
OSHA H Health
27%
ESPN E Entertainment
25%
NAACP P People
25%
SWAT W Weapons
23%
PETA E Ethical
22%
AARP R Retired
18%
SPCA C Cruelty
12%
AIDS D Difficiency
3%
No matching quizzes found
Score Distribution
Percent of People with Each Score
Percentile by Number Answered
Your Score History
You have not taken this quiz